Quizzes
Events
Quiz Creation
Community
Videos
Private Events
Remove Ads
Sign In
Join for FREE
Feedback
Dark Mode
Quiz Categories
Sports
Geography
Music
Movies
Television
Just For Fun
Miscellaneous
History
Literature
Language
Science
Gaming
Entertainment
Religion
Holiday
For Kids
Quiz Lab
Recent
Popular Today
Quiz Kudos Today
Editor Picks
Curator Picks
Quizzes by...
Day
Popularity
Type
Ratings
Length
Year
Community
Subscriptions
Recent Discussions
Orange Saloon
Badges
Playlists
Quests
Create
Leaderboards
Showdown
Live 5
Trivia Bingo
Activity
Puzzle Library
Sporcle Events
Private Events
Virtual Trivia
Globe League
Become a Host
Pub Owners
SporcleCon
Opinionation
Our Games
Videos
Blog
Mobile Apps
Partnerships
Remove Ads and Go Orange
Feedback
History
US Presidents
World Leaders
Politics
Nation
Discovery
War
Decade
Year
Century
Biography
Art
History
US Presidents
World Leaders
Politics
Nation
Discovery
War
Decade
Year
Century
Biography
Art
Random Quiz
Search Sporcle
×
Quiz Lab
Quiz Lab
History
Politics
Type in answers that appear in a list
Type in answers that appear in a list
Classic
Best Score? Go Orange.
Plaid Cymru MPs Stats
Can you name the politicians who have represented Plaid Cymru in Westminster?
By
Ronaldinhollew
3m
12 Questions
54 Plays
54 Plays
54 Plays
Comments
Comments
Give Quiz Kudos
Give Quiz Kudos
-
- Ratings
hide this ad
More Info
Replay
Link that replays current quiz
Next Quiz
Link to next quiz in quiz playlist
You Got
0%
They Got
Avg Score
60%
Avg Friend Score
Upgrade to see
Score Distribution
Jump to the score distribution portion of the page
Score
0/12
Timer
03:00
0
Plays Today
Constituency
Answer
% Correct
Dwyfor Meirionydd
Liz Saville-Roberts
79.6%
Caernarfon/
Arfon
Hywel Williams
75.9%
Ceredigion
Ben Lake
73.5%
Carmarthen
Gwynfor Evans
72.2%
Caernarfon
Dafydd Wigley
68.5%
Carmarthen East and Dinefwr
Adam Price
68.5%
Ynys Mon
Ieuan Wyn Jones
59.3%
Carmarthen East and Dinefwr
Jonathan Edwards
57.4%
Meirionydd/
Meirionydd Nant Conwy
Dafydd Elis-Thomas
53.7%
Ceredigion
Simon Thomas
51.9%
Meirionydd Nant Conwy/
Dwyfor Meirionydd
Elfyn Llwyd
48.1%
Ceredigion
Cynog Dafis
46.3%
Quiz Playlist
Details
Report
Send in Message
Add To Playlist
More Info:
Name the politicians who have represented Plaid Cymru in Westminster
Classic:
Type in answers that appear in a list
Last Updated: Mar 15, 2018
Quiz Scoreboard
CHALLENGE
Sign Up to Join the Scoreboard
Show All
Scores
Hide
Comments
May contain spoilers
Recently Published
An Introduction to Baseball
by treessimontrees
Sports
5m
Movies - When Are They Set?
by FPL_Elf
Movies
5m
Popular People in 1961
by mucciniale
History
6m
More to Explore
Quiz From the Vault
Featured Blog Post
Where Did the Easter Bunny Come From?
hide this ad
You Might Also Like...
Tags
Politics Quiz
britain
Europe Politics
Great Britain
Wales
Welsh
Welsh Counties
World History
Today's Top Quizzes in History
Browse History
hide this ad
Today's Top Quizzes in Politics
Browse Politics
Top Contributed Quizzes in History
1
Popular People in 1991
2
Popular People in 1981
3
Popular People in 1951
4
Popular People in 1941
5
Popular People in 1986
6
Popular People in 1976
7
Popular People in 1921
8
I Am Born On March 28th
9
Popular People in 1946
10
Popular People in 1936
Explore More
Trending Topics
Marvel
Disney
Anime
Harry Potter
NBA
Crossword
Kpop
Country
WWE
Pokémon
Puzzle
Soccer
The Office
Song
NFL
hide this ad
More By:
Ronaldinhollew
Quiz
Plays
Rating
Category
Featured
Created
Cities with Two Champions League Finalists
29,653
4.44
Sports
May 6, 2021
Sports points
13,889
4.25
Sports
Oct 25, 2021
World Cup 2022: History
5,487
4.58
History
Oct 22, 2022
World Cup 2022: Other sports
4,792
4.93
Sports
Nov 18, 2022
Euro 2016 and 2020 minefield
4,586
4.75
Sports
Jun 9, 2021
Go to Creator's Profile
Score Distribution
Quiz Creator Spotlight
Ronaldinhollew
Follow
Send a Message
Quizzes Created
-
Created Quiz Play Count
-
More By This Creator
Popular Quizzes Today
1
Find the Countries of Europe - No Outlines Minefield
2
Find the US States - No Outlines Minefield
3
The Countries of the World
4
Popular People in 1961
5
Find the US States
6
US States
7
1-10 Letter E Words III
8
Risky Map Clicking: Biggest States A-Z
More History Quizzes
40 English Women
Published
Trending Quizzes
Risky Map Clicking: Least Populous States A-Z
1-10 Letter F Words
1-10 Letter G Words
One Thing in Common: United Kingdom
Risky Map Clicking: Next State Alphabetically
Recently Updated
Leaping Animals
pecheneg
Reality TV Shows (A-Z)
bhenderson79
Rickey Henderson's Hall of Fame Teammates
pecheneg
Champions League XIs: Arsenal
pecheneg
Quick Pick: Celebrities in WWE's Hall of Fame
aduchscher
A-Z Keypad Blitz II
pecheneg
Multiple Oscar Actors
pecheneg
Mystery Phrase Blitz: Oscar 'Best Actors'
pecheneg
F. Scott Fitzgerald Novels
LTH
Pick 3 Villains
ddd62291
Trending Topics
Crossword
Harry Potter
Kpop
Marvel
NBA
Disney
Anime
The Office
NFL
Song
Pokémon
Soccer
Puzzle
WWE
Country
Your Account Isn't Verified!
In order to create a playlist on Sporcle, you need to verify the email address you used during registration. Go to your
Sporcle Settings
to finish the process.
Report this User
Report this user for behavior that violates our
Community Guidelines
.
Details:
Send Report
Go to the Sporcle.com Mobile Site →
Comments